[Event "Spring Tour GM Mix B 2022"]
[Site "Cattolica"]
[Date "2022.03.13"]
[Round "7.6"]
[White "Popov, Artem G."]
[Black "Pranav Anand"]
[Result "0-1"]
[WhiteElo "1353"]
[BlackElo "2436"]
[Annotator "TA"]
[PlyCount "124"]
[EventDate "2022.03.10"]
[EventType "swiss"]
[EventCountry "ITA"]
[SourceTitle "playchess.com"]
[Source "ChessBase"]
[SourceQuality "1"]

{[%evp 22,124,28,18,15,22,21,15,22,10,22,23,24,19,26,24,19,0,0,0,0,-7,0,0,0,0,0,0,0,0,0,0,0,0,30,0,62,8,8,0,0,0,0,0,0,-36,0,0,0,0,0,0,0,0,0,0,0,0,0,0,0,0,0,0,0,0,0,0,0,0,0,0,0,-16,-9,-56,-56,-56,-56,-56,-56,-56,-56,-56,-56,-56,-56,-56,-56,-99,-99,-99,0,-89,-56,-99,-56,-99,-99,-99,-99,-464,-146,-29979,-29979]} 1. Nf3 d5 2. d4 Nf6 3. c4 c6 4. Nc3 e6 5. e3 Nbd7 6. Qc2 Bd6 7. Bd3 O-O 8. O-O dxc4 9. Bxc4 b5 10. Be2 Bb7 11. Rd1 {11.e4 is more fashionable.} Qc7 12. e4 e5 {D46: Semi-Slav: 5 e3 Nbd7 6 Bd3, Black avoids the Meran.} 13. Bg5 exd4 14. Rxd4 {next Bxf6 is good for White.} Ne5 {The position is equal.} 15. Bxf6 gxf6 16. g3 Rad8 {[#]} 17. Rad1 $146 ({Predecessor:} 17. Rdd1 Qb6 18. Nxe5 Bxe5 19. Bg4 Rxd1+ 20. Nxd1 Rd8 21. Ne3 c5 22. Bf5 Bd4 23. Qe2 Kg7 24. Ng2 c4 25. a3 {½-½ (25) Kaupert,V (2309)-Cornel,M (2408) LSS email 2019}) 17... Bc5 {[#] ...Nxf3+ is the strong threat.} 18. Rxd8 Rxd8 19. Nxe5 fxe5 20. Bg4 Rxd1+ 21. Qxd1 Qd6 22. Qf3 b4 23. Nd1 Ba6 24. Ne3 Bxe3 25. Qxe3 c5 26. a3 bxa3 27. Qxa3 Kf8 28. h4 Ke7 (28... Kg7 $11) 29. h5 ({White should try} 29. Bh5 $14) 29... h6 $1 $11 30. Qe3 Kf8 31. Kg2 Kg7 32. Bf5 Qd4 33. Qa3 Qc4 (33... Be2 $5 {[%cal Rc5c4]}) 34. Kh2 Bb5 {[%cal Oa7a5]} 35. Qxa7 Qc2 {[%csl LRb2,LRf2]} 36. Kg2 {Hoping for Qe7.} Qc1 {( -> ...Qf1+)} 37. Kh2 {Black must now prevent Be6.} Qc2 38. Kg2 {Threatens to win with Qc7.} Bc6 (38... Qc1 $5 39. Kh2 Qc2 $11) 39. Kg1 {aiming for Qc7.} Qd1+ 40. Kg2 Qd4 41. Kg1 Bb5 ({Don't take} 41... c4 42. Qxd4 exd4 43. Kf1 $16) 42. Qa1 Be2 43. Kg2 Bxh5 44. Qa3 Be2 45. Qc3 Bd3 46. f3 Kf6 47. Qxd4 cxd4 {[%mdl 4096] Endgame KB-KB} 48. Kf2 (48. f4 $1 $11) 48... Ke7 $15 49. Ke1 Bb5 50. Bh3 Kd6 51. Kd2 Kc5 52. f4 f6 53. Bg4 Kb4 54. fxe5 fxe5 55. Bd1 (55. Bf5 $15) 55... Bc6 $17 56. Bc2 Bb5 57. Bd1 $1 Bf1 58. Bc2 (58. Bh5 $15) 58... Kc4 (58... Bg2 $17) 59. Bd1 {[#]} (59. Ba4 $1 $15 {deserves consideration.}) 59... Bg2 $1 60. Bc2 Bf3 61. b3+ $2 {[%mdl 8192]} (61. Bd3+ $17 Kb3 62. Kc1) 61... Kb4 $19 62. Kc1 $2 {[%mdl 8192]} (62. Kd3 $17) 62... Kc3 {Weighted Error Value: White=0.32/Black=0.07 (flawless)} 0-1

[Event "Spring Tour GM Mix B 2022"]
[Site "Cattolica"]
[Date "2022.03.13"]
[Round "7.7"]
[White "Van Foreest, Lucas"]
[Black "Davtyan, Artur"]
[Result "1/2-1/2"]
[WhiteElo "2563"]
[BlackElo "2460"]
[Annotator "TA"]
[PlyCount "84"]
[EventDate "2022.03.10"]
[EventType "swiss"]
[EventCountry "ITA"]
[SourceTitle "playchess.com"]
[Source "ChessBase"]
[SourceQuality "1"]

{[%evp 23,84,0,0,0,6,0,8,0,6,6,4,8,11,8,2,2,2,0,8,0,0,0,11,0,0,-3,-6,-3,-4,-6,0,0,11,18,13,8,12,12,13,12,9,0,0,0,0,0,0,0,21,22,22,4,4,4,4,0,0,0,0,0,0,0,11]} 1. d4 d5 2. Nf3 Nf6 3. c4 e6 4. g3 Be7 5. Bg2 O-O 6. O-O dxc4 7. Qa4 a6 8. Qxc4 b5 9. Qc2 Bb7 10. Bd2 Be4 11. Qc1 Bb7 12. Rd1 Qc8 {The position is equal.} 13. Bf4 {E05: Open Catalan: 5 Nf3 Be7.} c5 14. dxc5 Bxc5 15. Nbd2 Nbd7 16. Nb3 Bb6 17. Qxc8 Rfxc8 18. Ne5 Bxg2 19. Nxd7 Nxd7 20. Kxg2 Nf6 21. Rac1 Nd5 22. Bd6 {[#]} a5 $146 ({Predecessor:} 22... h5 23. Kf3 g5 24. h3 g4+ 25. hxg4 hxg4+ 26. Kxg4 Bxf2 27. Kf3 Bb6 28. Rh1 Kg7 29. Nc5 Bxc5 {½-½ (29) Talpak,T (2520)-Marczell,P (2533) ICCF email 2011}) 23. Kf3 a4 24. Rxc8+ Rxc8 25. Nd4 Bxd4 26. Rxd4 $11 {[%mdl 4096] Endgame KRB-KRN} f5 27. e4 Nf6 28. exf5 exf5 29. Rb4 Ne4 30. Bf4 Rc5 31. Be3 Rd5 32. Rd4 Ng5+ 33. Ke2 Rxd4 34. Bxd4 {KB-KN} Ne6 35. Kd3 {[#] Be3 is the strong threat.} Nd8 36. Bc3 {And now Kd4 would win.} Nc6 37. Ke3 Kf7 38. Kf4 b4 39. Bd2 Ke6 40. b3 axb3 41. axb3 Nd4 42. Bxb4 Nxb3 {An even fight not without its subleties.  Weighted Error Value: White=0.02 (flawless) /Black=0.02 (flawless)} 1/2-1/2

[Event "Spring Tour GM Mix B 2022"]
[Site "Cattolica"]
[Date "2022.03.13"]
[Round "7.8"]
[White "Hjartarson, Johann"]
[Black "Jobava, Baadur"]
[Result "0-1"]
[WhiteElo "2470"]
[BlackElo "2588"]
[Annotator "TA"]
[PlyCount "72"]
[EventDate "2022.03.10"]
[EventType "swiss"]
[EventCountry "ITA"]
[SourceTitle "playchess.com"]
[Source "ChessBase"]
[SourceQuality "1"]

{[%evp 17,72,43,38,41,49,43,34,38,42,44,45,46,70,54,66,62,56,47,37,21,20,33,42,-8,0,-46,-8,-26,-27,-20,-22,-18,-21,-43,-22,-27,-29,-65,-53,-68,-65,-212,-209,-213,-218,-209,-212,-202,-206,-267,-284,-284,-280,-309,-300,-281,-279]} 1. e4 c5 2. Nf3 {[%cal Bg1f3,Bf3d4,Bd4b5,Bb5a3,Ba3c4][%mdl 32]} e6 3. d4 cxd4 4. Nxd4 Nf6 5. Nc3 Nc6 6. Ndb5 d6 7. Bf4 e5 8. Bg5 a6 9. Na3 Be6 10. Nc4 {B33: Sicilian: Pelikan and Sveshnikov Variations.} Rb8 $1 {[%mdl 4] now scores much better than the old 10...Rc8.} 11. Nd5 Bxd5 12. exd5 {White is slightly better.} Ne7 13. Bxf6 gxf6 14. c3 {[#]} h5 $146 ({Predecessor:} 14... b5 15. Ne3 Bh6 16. Bd3 Bxe3 17. fxe3 Qb6 18. e4 f5 19. Qf3 b4 20. c4 fxe4 21. Bxe4 {0-1 (55) Smirnov,A (2511)-Heberla,B (2580) Canberra 2017}) 15. a4 {[%cal Ba2a4,Ba4a5][%mdl 32]} f5 16. a5 {Qa4+ is the strong threat.} Bg7 17. Qa4+ Kf8 18. Rd1 h4 19. Be2 Rh6 20. O-O (20. Qc2 $14) 20... Ng6 $1 $11 21. Rfe1 (21. f3 $11) 21... e4 {Black wants to play ...Nf4.} 22. Bf1 (22. Ne3 $5 {[%cal Re3f5]} Nf4 23. Kh1 $14 (23. Nxf5 $2 Qg5 $19)) 22... Ne5 23. Nxe5 Bxe5 24. Re3 Qg5 25. Rh3 Ke7 26. f3 {Prevents Qg4.} Rg8 {Strongly threatening ...Qe3+.} 27. Qc4 ({Don't blunder} 27. fxe4 $2 Qg4 28. Rdd3 fxe4 $19) 27... Qe3+ 28. Kh1 Qf2 {And now ...Rhg6 would win. Black is more active.} 29. fxe4 {[#] Now White is beyond hope.} ({White has to play} 29. Qc7+ $1 $15 Kf6 30. Qb6 Qxb6 31. axb6) 29... Rhg6 $1 $19 {[%cal Bh6g6,Bg6g2,Bg2b2][%mdl 32] Chess con chili.} 30. Qe2 ({Not} 30. Rf3 $2 {[#]} Qxf3 $3 {[%mdl 512]} 31. Qc7+ Kf6 32. Qd8+ Rxd8 $19) 30... Qxe2 31. Bxe2 Rxg2 $40 {[%mdl 128] Black goes for the king.} 32. Bf3 Rxb2 33. c4 Rc8 {Black has a decisive advantage.} 34. Rc1 Bf4 35. Rf1 Bg5 ({But not} 35... Rxc4 $2 36. Rxh4 Be5 37. Rh7 $19) 36. exf5 Kf6 {Weighted Error Value: White=0.18 (very precise) /Black=0.04 (flawless)} 0-1

[Event "Spring Tour GM Mix B 2022"]
[Site "Cattolica"]
[Date "2022.03.13"]
[Round "7.9"]
[White "Formento, Paolo"]
[Black "Mirzoev, Emil"]
[Result "1/2-1/2"]
[WhiteElo "2359"]
[BlackElo "2460"]
[Annotator "TA"]
[PlyCount "43"]
[EventDate "2022.03.10"]
[EventType "swiss"]
[EventCountry "ITA"]
[SourceTitle "playchess.com"]
[Source "ChessBase"]
[SourceQuality "1"]

{[%evp 19,30,12,29,19,34,6,9,8,8,4,0,0,4]} 1. d4 Nf6 2. c4 g6 3. Nc3 d5 4. Bg5 Ne4 5. Bf4 Nxc3 6. bxc3 Bg7 7. e3 O-O 8. Nf3 c5 9. cxd5 Qxd5 10. Be2 Nc6 11. O-O {D91: Grünfeld: 4 Nf3 Bg7 5 Bg5.} Rd8 12. Qb3 Qxb3 {The position is equal.} 13. axb3 Be6 14. Nd2 cxd4 15. cxd4 Bd5 {[#] An uneventful encounter.  Weighted Error Value: White=0.07 (flawless) /Black=0.03 (flawless)} {Predecessor:} 16. Nc4 $146 Rac8 17. Bg3 Bf6 18. Ra3 h5 19. f4 e6 20. Bf2 Be7 21. Raa1 Bb4 22. Bh4 {1-0 (34) Schmidt,J (2339)-Heinatz,G (2251) Germany 2006} 1/2-1/2

[Event "Spring Tour GM Mix B 2022"]
[Site "Cattolica"]
[Date "2022.03.14"]
[Round "8.6"]
[White "Pfreundt, Jakob"]
[Black "Devnani Kush"]
[Result "1-0"]
[WhiteElo "2392"]
[BlackElo "2041"]
[Annotator "ChessBase"]
[PlyCount "111"]
[EventDate "2022.03.10"]
[EventType "swiss"]
[EventCountry "ITA"]
[SourceTitle "playchess.com"]
[Source "ChessBase"]
[SourceQuality "1"]
[TimeControl "5400+30"]

1. Nf3 {[%emt 0:00:07]} d5 {[%emt 0:02:19]} 2. g3 {[%emt 0:00:15]} c6 {[%emt 0:03:53]} 3. Bg2 {[%emt 0:00:20]} Bf5 {[%emt 0:02:47]} 4. O-O {[%emt 0:00:27]} e6 {[%emt 0:00:17]} 5. d3 {[%emt 0:00:57]} Be7 {[%emt 0:04:32]} 6. c4 {[%emt 0:10:43]} dxc4 {[%emt 0:08:04]} 7. d4 {[%emt 0:00:09]} Nd7 {[%emt 0:07:07]} 8. Nbd2 {[%emt 0:05:16]} Ngf6 {[%emt 0:04:13]} 9. Nxc4 {[%emt 0:02:26]} O-O {[%emt 0:02:24]} 10. Qb3 {[%emt 0:01:36]} Nb6 {[%emt 0:02:34]} 11. Na5 {[%emt 0:00:59]} Rb8 {[%emt 0:08:03]} 12. Bf4 {[%emt 0:05:26]} Bd6 {[%emt 0:00:46]} 13. Bg5 {[%emt 0:06:22]} Be4 {[%emt 0:06:58]} 14. Qe3 {[%emt 0:15:54]} Bd5 {[%emt 0:09:30]} 15. Qd3 {[%emt 0:03:33]} Bxf3 {[%emt 0:05:23]} 16. Bxf3 {[%emt 0:03:26]} h6 {[%emt 0:00:06]} 17. Bd2 {[%emt 0:01:19]} e5 {[%emt 0:08:20]} 18. Rad1 {[%emt 0:01:00]} Qe7 {[%emt 0:03:02]} 19. dxe5 {[%emt 0:00:38]} Bxe5 {[%emt 0:00:25]} 20. b4 {[%emt 0:00:22]} Qe6 {[%emt 0:02:48]} 21. Qb3 {[%emt 0:04:28]} Qxb3 {[%emt 0:01:59]} 22. Nxb3 {[%emt 0:03:16]} Nc4 {[%emt 0:01:10]} 23. Be1 {[%emt 0:03:11]} Bc7 {[%emt 0:02:49]} 24. Nc5 {[%emt 0:04:44]} Ne5 {[%emt 0:03:13]} 25. Bg2 {[%emt 0:00:30]} Rfd8 {[%emt 0:00:50]} 26. Rxd8+ {[%emt 0:01:13]} Bxd8 {[%emt 0:00:04]} 27. Bc3 {[%emt 0:00:37]} Ned7 {[%emt 0:00:38]} 28. Nb3 {[%emt 0:02:00]} Nb6 {[%emt 0:01:50]} 29. e4 {[%emt 0:00:55]} Bc7 {[%emt 0:01:56]} 30. Rd1 {[%emt 0:01:25]} Na4 {[%emt 0:01:23]} 31. Ba1 {[%emt 0:01:55]} Re8 {[%emt 0:01:42]} 32. Bxf6 {[%emt 0:03:58]} gxf6 {[%emt 0:00:01]} 33. Rd7 {[%emt 0:00:11]} Bb6 {[%emt 0:00:44]} 34. Rxb7 {[%emt 0:02:58]} Nc3 {[%emt 0:00:20]} 35. Nc5 {[%emt 0:01:34]} Nxa2 {[%emt 0:03:05]} 36. Bf3 {[%emt 0:00:41]} Bxc5 {[%emt 0:02:06]} 37. bxc5 {[%emt 0:00:03]} Re5 {[%emt 0:00:22]} 38. Bd1 {[%emt 0:14:36]} Rxc5 {[%emt 0:01:14]} 39. Bb3 {[%emt 0:00:19]} Ra5 {[%emt 0:00:32]} 40. Bxf7+ {[%emt 0:01:42]} Kf8 {[%emt 0:00:06]} 41. Bc4 {[%emt 0:02:40]} Nc3 {[%emt 0:00:48]} 42. Rf7+ {[%emt 0:00:14]} Ke8 {[%emt 0:01:07]} 43. Rxf6 {[%emt 0:00:12]} Rc5 {[%emt 0:00:22]} 44. Bd3 {[%emt 0:00:55]} h5 {[%emt 0:00:25]} 45. f4 {[%emt 0:00:48]} a5 {[%emt 0:00:04]} 46. e5 {[%emt 0:00:27]} a4 {[%emt 0:00:12]} 47. Bg6+ {[%emt 0:00:27]} Kd8 {[%emt 0:00:09]} 48. Rf8+ {[%emt 0:00:16]} Kc7 {[%emt 0:00:10]} 49. Ra8 {[%emt 0:02:35]} Kb7 {[%emt 0:00:08]} 50. e6 {[%emt 0:07:00]} Nd5 {[%emt 0:02:55]} 51. Rxa4 {[%emt 0:00:09]} h4 {[%emt 0:00:03]} 52. Rd4 {[%emt 0:07:24]} Nf6 {[%emt 0:01:04]} 53. e7 {[%emt 0:00:34]} hxg3 {[%emt 0:00:18]} 54. hxg3 {[%emt 0:00:13]} Rc3 {[%emt 0:00:04]} 55. Kf2 {[%emt 0:00:48]} c5 {[%emt 0:01:05]} 56. Rd6 {[%emt 0:00:40]} 1-0

[Event "Spring Tour GM Mix B 2022"]
[Site "Cattolica"]
[Date "2022.03.14"]
[Round "8.7"]
[White "Engesser, Jonas"]
[Black "Van Foreest, Lucas"]
[Result "0-1"]
[WhiteElo "2084"]
[BlackElo "2563"]
[Annotator "TA"]
[PlyCount "56"]
[EventDate "2022.03.10"]
[EventType "swiss"]
[EventCountry "ITA"]
[SourceTitle "playchess.com"]
[Source "ChessBase"]
[SourceQuality "1"]

{[%evp 15,56,19,13,-25,-8,-16,0,-55,-53,-94,-94,-109,-106,-100,-96,-95,-99,-120,-78,-163,-160,-173,-170,-194,-195,-229,-177,-176,-164,-200,-193,-247,-233,-510,-500,-459,-483,-785,-782,-875,-863,-29990,-29991]} 1. d4 Nf6 2. Nf3 g6 3. g3 b6 4. Bg2 Bb7 5. O-O Bg7 6. c4 O-O 7. Nc3 {7.Re1 is the modern continuation.} Ne4 8. Nxe4 Bxe4 9. b3 {A50: Queen's Fianchetto Defence (1 d4 Nf6 2 c4 b6).} c5 10. Be3 Nc6 {[#]} 11. d5 $146 ({Better is} 11. dxc5 $11 bxc5 12. Bxc5) ({Predecessor:} 11. dxc5 bxc5 12. Bxc5 Qa5 13. Be3 d5 14. Nd4 Bxd4 15. Bxd4 Bxg2 16. Kxg2 dxc4 17. Be3 {0-1 (33) Vergara Anton,D (2128)-Almagro Llamas,P (2453) Linares 2019}) 11... Nb4 $15 12. Ne1 {Prevents Nc2.} (12. Bf4 $15) 12... Bxg2 $17 13. Kxg2 Bxa1 14. Qxa1 f6 15. a3 Na6 16. h4 e5 (16... e6 $142 17. Bh6 Rf7) 17. dxe6 (17. Bh6 $17 {was necessary.}) 17... dxe6 $19 18. h5 {[#]} g5 {[%cal Bg6g5,Bg5g4][%mdl 32]} 19. h6 Qd7 20. f4 g4 21. Nd3 Qc6+ 22. Kf2 Rad8 {[%cal Od8d3,Ba8d8,Bd8d7,Bd7d1][%mdl 32] [#] Hoping for ...Rxd3!} 23. Qc3 (23. Kg1 $142) 23... Nc7 24. Ne5 $2 (24. b4) 24... fxe5 25. Qxe5 {[%csl Gh6][%cal Re5g7]} Rd7 {Prevents Qg7+. Threatens to win with ...Rf5.} 26. Rd1 (26. Qg5+ $142 Kf7 27. Qxg4) 26... Rf5 27. Qc3 Ne8 28. Bc1 Rxd1 {White did not feel at home in the position after the opening.  Weighted Error Value: White=0.97/Black=0.06 (flawless)} 0-1

[Event "Spring Tour GM Mix B 2022"]
[Site "Cattolica"]
[Date "2022.03.14"]
[Round "8.9"]
[White "Engel, Robert"]
[Black "Knudsen, Simon"]
[Result "0-1"]
[WhiteElo "2128"]
[BlackElo "2203"]
[Annotator "ChessBase"]
[PlyCount "130"]
[EventDate "2022.03.10"]
[EventType "swiss"]
[EventCountry "ITA"]
[SourceTitle "playchess.com"]
[Source "ChessBase"]
[SourceQuality "1"]
[TimeControl "5400+30"]

1. e4 {[%emt 0:00:02]} g6 {[%emt 0:00:09]} 2. d4 {[%emt 0:00:30]} Bg7 {[%emt 0:00:06]} 3. Nc3 {[%emt 0:00:18]} d6 {[%emt 0:00:46]} 4. f4 {[%emt 0:00:16]} Nf6 {[%emt 0:00:09]} 5. Nf3 {[%emt 0:00:11]} O-O {[%emt 0:00:59]} 6. Bd3 {[%emt 0:00:04]} Nc6 {[%emt 0:00:08]} 7. Be2 {[%emt 0:00:05]} Bg4 {[%emt 0:05:05]} 8. O-O {[%emt 0:03:55]} d5 {[%emt 0:06:40]} 9. e5 {[%emt 0:02:13]} Ne4 {[%emt 0:00:10]} 10. Be3 {[%emt 0:03:04]} Nxc3 {[%emt 0:06:20]} 11. bxc3 {[%emt 0:00:31]} Na5 {[%emt 0:00:10]} 12. h3 {[%emt 0:01:29]} Bxf3 {[%emt 0:01:18]} 13. Rxf3 {[%emt 0:01:32]} e6 {[%emt 0:06:27]} 14. g4 {[%emt 0:03:24]} f5 {[%emt 0:14:22]} 15. exf6 {[%emt 0:03:35]} Qxf6 {[%emt 0:00:09]} 16. Qf1 {[%emt 0:04:02]} c5 {[%emt 0:01:56]} 17. Rb1 {[%emt 0:04:58]} c4 {[%emt 0:00:33]} 18. Rb5 {[%emt 0:07:36]} b6 {[%emt 0:00:16]} 19. Kg2 {[%emt 0:26:48]} Nb7 {[%emt 0:03:40]} 20. Rb1 {[%emt 0:04:16]} Nd6 {[%emt 0:01:44]} 21. Qe1 {[%emt 0:04:59]} Rf7 {[%emt 0:06:33]} 22. Bc1 {[%emt 0:02:04]} Rc8 {[%emt 0:06:53]} 23. h4 {[%emt 0:02:28]} h5 {[%emt 0:01:59]} 24. Rh3 {[%emt 0:00:03]} Bf8 {[%emt 0:01:36]} 25. gxh5 {[%emt 0:01:15]} gxh5 {[%emt 0:00:15]} 26. Bxh5 {[%emt 0:04:24]} Rg7+ {[%emt 0:00:19]} 27. Kh2 {[%emt 0:01:13]} Qf5 {[%emt 0:02:45]} 28. Bf3 {[%emt 0:01:15]} Qxc2+ {[%emt 0:04:17]} 29. Bd2 {[%emt 0:00:07]} Qf5 {[%emt 0:00:07]} 30. Rd1 {[%emt 0:01:04]} Nf7 {[%emt 0:00:34]} 31. Rg3 {[%emt 0:01:19]} Bd6 {[%emt 0:00:48]} 32. Rxg7+ {[%emt 0:00:05]} Kxg7 {[%emt 0:00:06]} 33. Qg3+ {[%emt 0:00:13]} Qg6 {[%emt 0:04:44]} 34. Rg1 {[%emt 0:03:26]} Qxg3+ {[%emt 0:00:15]} 35. Rxg3+ {[%emt 0:00:01]} Kf6 {[%emt 0:01:28]} 36. h5 {[%emt 0:00:46]} Rh8 {[%emt 0:00:44]} 37. Rg6+ {[%emt 0:00:31]} Ke7 {[%emt 0:00:02]} 38. Kh3 {[%emt 0:02:56]} Nh6 {[%emt 0:03:31]} 39. Rg7+ {[%emt 0:00:47]} Kf6 {[%emt 0:00:10]} 40. Rd7 {[%emt 0:01:53]} Bb8 {[%emt 0:01:25]} 41. Bd1 {[%emt 0:03:13]} Nf5 {[%emt 0:00:46]} 42. Bg4 {[%emt 0:01:01]} Nd6 {[%emt 0:02:34]} 43. Be1 {[%emt 0:00:28]} Nf5 {[%emt 0:00:15]} 44. Bd2 {[%emt 0:01:24]} b5 {[%emt 0:04:46]} 45. Bc1 {[%emt 0:03:59]} b4 {[%emt 0:00:39]} 46. cxb4 {[%emt 0:00:49]} c3 {[%emt 0:00:02]} 47. Bxf5 {[%emt 0:01:36]} Rxh5+ {[%emt 0:01:39]} 48. Kg4 {[%emt 0:00:06]} Rh1 {[%emt 0:00:09]} 49. Bxe6 {[%emt 0:02:08]} Kxe6 {[%emt 0:00:09]} 50. Rb7 {[%emt 0:00:11]} Rxc1 {[%emt 0:00:08]} 51. Rxb8 {[%emt 0:00:01]} c2 {[%emt 0:00:07]} 52. f5+ {[%emt 0:00:23]} Kf7 {[%emt 0:00:13]} 53. Rc8 {[%emt 0:00:23]} Rg1+ {[%emt 0:00:06]} 54. Kf4 {[%emt 0:00:04]} c1=Q+ {[%emt 0:00:06]} 55. Rxc1 {[%emt 0:00:03]} Rxc1 {[%emt 0:16:43]} 56. Ke5 {[%emt 0:00:03]} Ra1 {[%emt 0:00:50]} 57. Kxd5 {[%emt 0:00:06]} Rxa2 {[%emt 0:00:09]} 58. Kc6 {[%emt 0:00:24]} Kf6 {[%emt 0:00:06]} 59. d5 {[%emt 0:00:10]} Kxf5 {[%emt 0:00:08]} 60. b5 {[%emt 0:00:13]} Ke5 {[%emt 0:00:06]} 61. d6 {[%emt 0:00:06]} Rc2+ {[%emt 0:00:11]} 62. Kb7 {[%emt 0:00:05]} Kxd6 {[%emt 0:00:07]} 63. Kxa7 {[%emt 0:00:04]} Kc5 {[%emt 0:00:06]} 64. b6 {[%emt 0:00:06]} Ra2+ {[%emt 0:00:06]} 65. Kb7 {[%emt 0:00:05]} Rb2 {[%emt 0:00:04]} 0-1

[Event "Spring Tour GM Mix B 2022"]
[Site "Cattolica"]
[Date "2022.03.14"]
[Round "8.10"]
[White "Roshka, Yevgeniy"]
[Black "Kanyamarala, Tarun"]
[Result "1-0"]
[WhiteElo "2478"]
[BlackElo "2343"]
[Annotator "TA"]
[PlyCount "81"]
[EventDate "2022.03.10"]
[EventType "swiss"]
[EventCountry "ITA"]
[SourceTitle "playchess.com"]
[Source "ChessBase"]
[SourceQuality "1"]

{[%evp 15,81,8,44,35,51,43,82,77,81,75,92,85,95,76,81,86,143,137,220,175,154,131,149,150,140,155,154,133,152,144,160,170,169,173,200,197,254,260,363,313,394,266,257,106,54,66,56,27,369,164,1367,1349,1483,1438,1214,1124,987,980,2867,2393,29988,29989,29989,29990,29990,29991,29991,29992]} 1. d4 Nf6 2. c4 e6 3. Nc3 Bb4 4. a3 Bxc3+ 5. bxc3 c5 6. f3 d5 7. cxd5 Nxd5 8. Qd2 Qa5 9. e4 {E25: Nimzo-Indian: Sämisch: 5...c5 6 f3 d5 7 cxd5.} Nf6 {[#]} 10. Rb1 $146 ({Predecessor:} 10. Bd3 b6 11. e5 Nd5 12. Be4 Ba6 13. Nh3 Nc6 14. Nf4 O-O-O 15. Nxd5 exd5 16. Bd3 Bxd3 17. Qxd3 Nxd4 {0-1 (29) Rutman,A-Selevinski Moscow 1960}) 10... a6 {To avoid Rb5} 11. Bd3 {White is better.} O-O 12. Ne2 Rd8 13. Kf2 Nc6 14. Rd1 Qc7 15. Qg5 Qe7 (15... cxd4 $142 16. cxd4 h6) 16. e5 $16 ({Don't play} 16. Qxc5 Qxc5 17. dxc5 Ne5 $16) (16. dxc5 $6 e5 $11) 16... Ne8 (16... Nd7 $16 {keeps fighting.} 17. Qg3 (17. Qh5 h6 $16) 17... f6) 17. Qh5 g6 18. Qg4 {White is much more active.} f6 {Inhibits Bg5.} 19. exf6 Nxf6 20. Qh4 Rf8 21. Bg5 cxd4 22. cxd4 Qf7 23. Rdc1 Nd5 24. Be4 Ra7 25. Qg3 Bd7 (25... Nf6 $142 26. Kg1 (26. Bxc6 bxc6 27. Bxf6 Qxf6 $16) 26... Nd5) 26. Qd6 $1 $18 Rc8 27. h4 b5 28. Rc5 Qf8 29. Rxd5 (29. Qg3 $1 $18 {is the precise move to win.}) 29... exd5 $16 30. Bxd5+ Kg7 31. Qg3 {[%cal Oh4h5][%mdl 1024] Threatens to win with h5! White has compensation.} Re8 $2 {[%mdl 8192] [#] A mistake that costs the game.} (31... h6 $1 $11 {and Black stays safe.}) 32. Rc1 {Dancing on a razor blade.} (32. h5 $142 $1 Qf5 33. h6+ Kh8 {[#]} 34. Qf4 $1 {[%mdl 512]} Qxf4 35. Bxf4 (35. Nxf4 Rf8 $16)) 32... Rc8 $2 (32... h6) 33. h5 $18 {[%cal Oc1c6,Bh4h5,Bh5h6][%mdl 32] White wants to mate with Rxc6!} Qf5 34. h6+ Kh8 35. Be4 {A strong pair of Bishops.} Qf8 36. Nf4 {[%cal Be2f4,Bf4d5,Bd5e7][%mdl 32]} Bf5 37. Bxc6 {White threatens Nd5 and mate.} Rac7 {[#]} 38. Nd5 $1 {White mates.} Rxc6 39. Qe5+ Kg8 40. Rxc6 Rxc6 41. Ne7+ {Weighted Error Value: White=0.24 (precise) /Black=0.62} 1-0

[Event "Spring Tour GM Mix B 2022"]
[Site "Cattolica"]
[Date "2022.03.14"]
[Round "9.6"]
[White "Deuer, Marius"]
[Black "Pranav Anand"]
[Result "1/2-1/2"]
[WhiteElo "2304"]
[BlackElo "2436"]
[Annotator "TA"]
[PlyCount "61"]
[EventDate "2022.03.10"]
[EventType "swiss"]
[EventCountry "ITA"]
[SourceTitle "playchess.com"]
[Source "ChessBase"]
[SourceQuality "1"]

{[%evp 13,61,24,13,20,20,22,13,0,18,1,10,0,2,20,0,0,0,-8,53,72,58,0,51,53,51,50,63,56,58,53,53,34,56,62,56,58,95,102,134,135,135,135,133,135,133,133,144,85,235,0]} 1. d4 d5 2. c4 c6 3. Nf3 Nf6 4. Qc2 dxc4 5. Qxc4 Bf5 6. g3 e6 7. Bg2 Be7 8. O-O {D23: Queen's Gambit Accepted: 3 Nf3 Nf6 sidelines.} O-O 9. e3 Nbd7 10. Rd1 {The position is equal.} Rc8 $1 {[%mdl 4] is recently more successful than 10...Qc7.} (10... e5 $5) 11. Nc3 b5 12. Qe2 b4 13. Na4 Qa5 14. b3 Qb5 15. Qe1 {[#]} Nb6 $146 ({Better is} 15... Bc2 $11) ({Predecessor:} 15... Bc2 16. Rd2 Be4 17. Bb2 Qd5 18. Nh4 Bxg2 19. Nxg2 Ne4 20. Rc2 Ng5 21. Qe2 Nf3+ {0-1 (50) Srihari,L (2414)-Shimanov,A (2581) Chess.com INT 2021}) 16. Nxb6 $14 axb6 17. Bb2 ({White should try} 17. Ne5 $14) 17... Rfd8 (17... Bc2 $11) 18. Ne5 Be4 19. f3 Bg6 20. Bf1 $36 {[%mdl 2048] White has good play.} Qa5 21. Nc4 Qa7 22. a3 bxa3 23. Bxa3 Bxa3 24. Rxa3 Qb8 25. Ra6 Nd5 26. e4 b5 27. Ne5 ({Reject} 27. exd5 $6 bxc4 28. bxc4 (28. dxe6 cxb3 29. exf7+ Bxf7 $17) 28... exd5 $14) 27... Ne7 {[#]} 28. Qb4 $1 c5 29. Qxb5 {Strongly threatening Rb6.} Qc7 30. Qa5 {White is much more active.} (30. Ra4 $142) 30... Qb8 {[#]} (30... cxd4 $16 {keeps fighting.} 31. Qxc7 Rxc7) 31. Qb5 $2 {Weighted Error Value: White=0.07 (flawless) /Black=0.19 (very precise)} (31. Ra7 $1 $18 {[%cal Ra7e7]} f6 32. Rxe7 fxe5 33. Bc4 (33. Rxe6 $2 Qxb3 34. Be2 Qxe6 $19)) 1/2-1/2